Zachránená spotreba pri obetovaných investíciách (alebo ako pandemická recesia prehĺbila investičnú mizériu v ekonomike SR)

Hĺbka pandemickej ekonomickej depresie za rok 2020 v SR, meraná poklesom reálneho hrubého domáceho produktu, nevybočovala zo štandardu krajín Európskej únie. Slovenská ekonomika si pri svojom poklese udržala takmer nezmenený objem spotreby domácností. Zato tvorba fixného kapitálu poklesla mimoriadne...

Descrizione completa

Salvato in:
Dettagli Bibliografici
Autore principale: Morvay, Karol, 1973-
Altri autori: Hudcovský, Martin, 1988-
Natura: Capitolo di libro
Lingua:slovacco
Soggetti:
Tags: Aggiungi Tag
Nessun Tag, puoi essere il primo ad aggiungerne!!

MARC

LEADER 00000naa a2200000 4500
001 0280610
005 20240502074345.1
041 0 |a slo 
044 |a SK 
245 1 0 |a Zachránená spotreba pri obetovaných investíciách (alebo ako pandemická recesia prehĺbila investičnú mizériu v ekonomike SR)  |c Karol Morvay, Martin Hudcovský 
520 |a Hĺbka pandemickej ekonomickej depresie za rok 2020 v SR, meraná poklesom reálneho hrubého domáceho produktu, nevybočovala zo štandardu krajín Európskej únie. Slovenská ekonomika si pri svojom poklese udržala takmer nezmenený objem spotreby domácností. Zato tvorba fixného kapitálu poklesla mimoriadne výrazne. Tým sa posilnil dlhšiu dobu trvajúci nepresvedčivý vývoj investícií v SR. 
610 2 0 |a koronakríza 
610 2 0 |a koronavírus 
610 2 0 |a investície 
610 2 0 |a spotreba domácností 
610 2 0 |a produkt domáci hrubý 
100 1 |a Morvay, Karol, 1973- 
700 1 |a Hudcovský, Martin, 1988-